000 01492nam a2200337Ia 4500
001 ebr10666079
003 CaPaEBR
006 m u
007 cr cn|||||||||
008 121206s2013 gw sb 000 0 eng d
020 _z3631631421
020 _z9783631631423
020 _z9783653025637 (ebook)
040 _aCaPaEBR
_cCaPaEBR
035 _a(OCoLC)847623221
050 1 4 _aBS580.M6
_bD35 2013eb
100 1 _aDamgaard, Finn.
245 1 0 _aRecasting Moses
_h[electronic resource] :
_bthe memory of Moses in biographical and autobiographical narratives in ancient Judaism and 4th-century Christianity /
_cFinn Damgaard.
260 _aFrankfurt am Main :
_bPeter Lang Edition,
_cc2013.
300 _axii, 264 p.
490 1 _aEarly Christianity in the context of antiquity ;
_vv. 13
504 _aIncludes bibliographical references.
533 _aElectronic reproduction.
_bPalo Alto, Calif. :
_cebrary,
_d2013.
_nAvailable via World Wide Web.
_nAccess may be limited to ebrary affiliated libraries.
600 0 0 _aMoses
_c(Biblical leader)
650 0 _aChristian literature, Early
_xHistory and criticism.
650 0 _aGreek literature, Hellenistic
_xJewish authors
_xHistory and criticism.
655 7 _aElectronic books.
_2local
710 2 _aebrary, Inc.
830 0 _aEarly Christianity in the context of antiquity ;
_vv. 13.
856 4 0 _uhttp://site.ebrary.com/lib/rucke/Doc?id=10666079
_zAn electronic book accessible through the World Wide Web; click to view
999 _c61227
_d61227